000 00301nam a22001337a 4500
008 210303b ||||| |||| 00| 0 eng d
020 _a9781256944676
041 _aeng
080 _26th
_a33
100 _a58
101 _aBIZ
245 _aBusiness and Its Environment
_cBaron,P.D
942 _2udc
_cBK
999 _c55663
_d55663